7 Thesen zur Gewalt gegen Polizeibeamte: erste Ergebnisse einer Polizeibefragung in den Bundesländern Berlin, Brandenburg, Bremen, Niedersachsen, Mecklenburg-Vorpommern, Rheinland-Pfalz, Sachsen-Anhalt, Saarland, Schleswig-Holstein und Thüringen
| Authors: | ; ; |
|---|---|
| Format: | Print Article |
| Language: | German |
| Published: |
2011
|
| In: |
Jahrbuch öffentliche Sicherheit
Year: 2010, Issue: 1, Pages: 309-313 |
| Online Access: |
Volltext (kostenfrei) Volltext (kostenfrei) Volltext (kostenfrei) |
| Rights Information: | InC 1.0 |
| Check availability: | HBZ Gateway |
MARC
| LEADER | 00000caa a2200000 c 4500 | ||
|---|---|---|---|
| 001 | 1839201088 | ||
| 003 | DE-627 | ||
| 005 | 20230627103356.0 | ||
| 007 | tu | ||
| 008 | 230315s2011 xx ||||| 00| ||ger c | ||
| 035 | |a (DE-627)1839201088 | ||
| 035 | |a (DE-599)KXP1839201088 | ||
| 040 | |a DE-627 |b ger |c DE-627 |e rda | ||
| 041 | |a ger | ||
| 084 | |a 2,1 |2 ssgn | ||
| 100 | 1 | |a Pfeiffer, Christian |d 1944- |e VerfasserIn |0 (DE-588)121966348 |0 (DE-627)081651929 |0 (DE-576)293022240 |4 aut | |
| 109 | |a Pfeiffer, Christian 1944- |a Pfeiffer, C. 1944- |a Pfeiffer 1944- | ||
| 245 | 1 | 0 | |a 7 Thesen zur Gewalt gegen Polizeibeamte |b erste Ergebnisse einer Polizeibefragung in den Bundesländern Berlin, Brandenburg, Bremen, Niedersachsen, Mecklenburg-Vorpommern, Rheinland-Pfalz, Sachsen-Anhalt, Saarland, Schleswig-Holstein und Thüringen |c Christian Pfeiffer, Karoline Ellrich, Dirk Baier |
| 246 | 3 | 0 | |a sieben |
| 264 | 1 | |c 2011 | |
| 336 | |a Text |b txt |2 rdacontent | ||
| 337 | |a ohne Hilfsmittel zu benutzen |b n |2 rdamedia | ||
| 338 | |a Band |b nc |2 rdacarrier | ||
| 540 | |q DE-2619 |a Urheberrechtsschutz 1.0 |2 rs |u http://rightsstatements.org/vocab/InC/1.0/ | ||
| 700 | 1 | |a Ellrich, Karoline |d 1984- |e VerfasserIn |0 (DE-588)1064989691 |0 (DE-627)815386044 |0 (DE-576)424683091 |4 aut | |
| 700 | 1 | |a Baier, Dirk |d 1976- |e VerfasserIn |0 (DE-588)132572702 |0 (DE-627)523956215 |0 (DE-576)254193102 |4 aut | |
| 773 | 0 | 8 | |i Enthalten in |t Jahrbuch öffentliche Sicherheit |d [Baden-Baden] : Nomos, 2003 |g (2010/11), 1, Seite 309-313 |w (DE-627)376506792 |w (DE-600)2130844-5 |w (DE-576)119363984 |7 nnas |
| 773 | 1 | 8 | |g year:2010/11 |g number:1 |g pages:309-313 |
| 776 | 1 | |o 10.15496/publikation-83803 | |
| 856 | 4 | 1 | |u http://hdl.handle.net/10900/142456 |x Resolving-System |x Digitalisierung |z kostenfrei |3 Volltext |7 0 |
| 856 | 4 | 1 | |u http://nbn-resolving.de/urn:nbn:de:bsz:21-dspace-1424567 |x Resolving-System |x Digitalisierung |z kostenfrei |3 Volltext |7 0 |
| 856 | 4 | 1 | |u https://doi.org/10.15496/publikation-83803 |x Resolving-System |x Digitalisierung |z kostenfrei |3 Volltext |7 0 |
| 951 | |a AR | ||
| ELC | |b 1 | ||
| LOK | |0 000 xxxxxcx a22 zn 4500 | ||
| LOK | |0 001 429032293X | ||
| LOK | |0 003 DE-627 | ||
| LOK | |0 004 1839201088 | ||
| LOK | |0 005 20230607074735 | ||
| LOK | |0 008 230315||||||||||||||||ger||||||| | ||
| LOK | |0 040 |a DE-2619 |c DE-627 |d DE-2619 | ||
| LOK | |0 092 |o n | ||
| LOK | |0 852 |a DE-2619 | ||
| LOK | |0 852 1 |9 00 | ||
| LOK | |0 866 |x #263 | ||
| LOK | |0 935 |a krzw | ||
| LOK | |0 939 |a 15-03-23 |b l01 | ||
| OAS | |a 1 | ||
| ORI | |a SA-MARC-krimdoka001.raw | ||
